000 00969nam a22001337a 4500
040 _cRUA
082 _aAGR SOE 2013 B433 Or.1
100 _aSOEM KOEMNEANG ; សឹម គឹមនាង
245 _aComparison of difference nitrogen qualities combined with phosphorus and potassium on chhulsa rice variety in dry season in lvea commune, preah sdach district, prey veng province, ការប្រៀបធៀបបរិមាណអាសូតខុសៗគ្នាផ្សំជាមួយ ផូស្វ័ និងប៉ូតាស្យូ​ម លើពូជស្រូវជលសារក្នុងលក្ខខណ្ឌរដូវប្រំាង នៅឃុំល្វា ស្រុកព្រះស្ដេច ខេត្តព្រៃវែង
260 _aPhnom Penh
_bRUA
_c2013
300 _axii ;46p.
_bill.
_c29cm.
856 _uhttps://drive.google.com/file/d/1Ql73MawJwPGKTcGIgrqA35f8Veqov6Tt/view?usp=sharing
942 _cAGR
999 _c7116
_d7116